| 000 | 00501nam a2200157Ia 4500 | ||
|---|---|---|---|
| 008 | 140529s9999 xx 000 0 und d | ||
| 020 | _a9789712723797 | ||
| 050 |
_aPL 6051 _b.Es87 2010 |
||
| 245 |
_aEssays on Philippine language and literature / _cRuth Elynia S. Mabanglo, Rosita G. Galang, editors. |
||
| 260 |
_aManila, Philippines : _bAnvil, _cc2010. |
||
| 300 |
_a302 p. ; _c23 cm. |
||
| 521 | _aGE | ||
| 650 |
_aFilipino language _xStudy and teaching. |
||
| 942 |
_kLOC _cBK |
||
| 999 |
_c117800 _d117800 |
||